Novela zákona o účtovníctve platná od 1.1. 2015

Znenie zákona č. 333/2014 Z.z. o účtovníctve, ktorým sa novelizoval zákon č. 431/2002 Z.z. o účtovníctve v znení neskorších predpisov.

Na minha lista:
Detalhes bibliográficos
Autor principal: Novotná, Ľudmila
Formato: Capítulo de Livro
Idioma:eslovaco
Assuntos:
Tags: Adicionar Tag
Sem tags, seja o primeiro a adicionar uma tag!

MARC

LEADER 00000naa a2200000 4500
001 0200555
005 20231120130442.4
041 0 |a slo 
044 |a SK 
245 1 0 |a Novela zákona o účtovníctve platná od 1.1. 2015  |c Ľudmila Novotná 
520 |a Znenie zákona č. 333/2014 Z.z. o účtovníctve, ktorým sa novelizoval zákon č. 431/2002 Z.z. o účtovníctve v znení neskorších predpisov. 
610 2 0 |a zákony 
610 2 0 |a Slovensko 
610 2 0 |a novelizácia 
610 2 0 |a účtovníctvo 
100 1 |a Novotná, Ľudmila